02066nam a2200349 4500001000400000003000400004005001700008008004100025020001800066040000800084041001300092082001700105100003300122240002900155245008900184260004000273300001600313520098700329650002701316650002401343650001701367650001901384650002001403650001401423655001601437655002001453700003501473830004301508942001501551952013701566999001301703458OSt20260129075937.0250807b |||||||j |||| 00| 1 eng d a9788598078717 bpor hengapor a028.5bC874c1 aCowell, Cressida.d1819-1891 aHow to Train Your Dragon aComo Treinar o seu Dragão #1:cCowell, Cressida. ; Tradução de Zampli, Raquel aRio de JaneirobIntrínisecac2014 a224 p.bil. aSoluço Spantosicus Strondus III foi um extraordinário herói viking. Chefe guerreiro, mestre no combate com espadas, era conhecido por todo o território viking como "O encantador de dragões", devido ao poder que exercia sobre as terríveis feras. Mas nem sempre foi assim... Neste livro estão as memórias da época em que Soluço era apenas um garoto normal. Muito normal. Nem um pouco heroico. Ele precisava desesperadamente capturar e treinar um dragão, e teria de ser o animal mais impressionante de todos. Mas tudo o que conseguiu foi uma criaturinha pequena e banguela, nada ameaçadora. Foi então que seu destino de herói começou a ser traçado. Inteiramente ilustrado, com muita ação e o tipo de humor que arranca gargalhadas até dos mais carrancudos, Como treinar o seu dragão é o primeiro livro de uma série que é sucesso mundial, escrita e ilustrada pela inglesa Cressida Cowell, autora premiada de obras infantis e infantojuvenis. 0aLiteratura Inglesa989 0aInfantojuvenil9200 0aAventura947 0aDragões9991 0aClássicos977 0aFilme926 0aRomance923 0aFicção 922 aZampil, RaqueleTRADUTORA9898 aComo Treinar seu Dragão9993vvol. 1 2ddcn0cBK 00102ddc40708FICaBIBIBbBIBIBcIJd2025-08-07edoaçãol0oIJ 028.5 / C874cp2025-17390r2025-08-07 08:29:36w2025-08-07yBK c458d458